Bioclimatology; ជីវះអាកាសធាតុ (Record no. 9513)
[ view plain ]
| 000 -LEADER | |
|---|---|
| fixed length control field | 00292nam a22001217a 4500 |
| 040 ## - CATALOGING SOURCE | |
| Transcribing agency | SK |
| 082 ## - DEWEY DECIMAL CLASSIFICATION NUMBER | |
| Classification number | 577 |
| 100 ## - MAIN ENTRY--AUTHOR NAME | |
| Personal name | DEP SINATH; ដិប ស៊ីណាត |
| 245 ## - TITLE STATEMENT | |
| Title | Bioclimatology; ជីវះអាកាសធាតុ |
| 260 ## - PUBLICATION, DISTRIBUTION, ETC. (IMPRINT) | |
| Place of publication | RUA |
| Name of publisher | DEP |
| Year of publication | 1994 |
| 300 ## - PHYSICAL DESCRIPTION | |
| Number of Pages | 43p. |
| 942 ## - ADDED ENTRY ELEMENTS (KOHA) | |
| Koha item type | សៀវភៅភាសាខ្មែរ |
| 952 ## - LOCATION AND ITEM INFORMATION (KOHA) | |
| Withdrawn status [LOCAL, KOHA] | 0 |
| Permanent Location | Date acquired | Koha item type | Lost status | Shelving location | Barcode | Current Location | Full call number |
|---|---|---|---|---|---|---|---|
| Library Block C | 2016-09-02 | សៀវភៅភាសាខ្មែរ | C164 | A01139 | Library Block C | 577 DEP 1994 C164 |